Les relations internationales de 1871 à 1914 (notice n° 1568417)

détails MARC
000 -LEADER
fixed length control field 00961cam a2200133 4500500
005 - DATE AND TIME OF LATEST TRANSACTION
control field 20251214004316.0
041 ## - LANGUAGE CODE
Language code of text/sound track or separate title fre
042 ## - AUTHENTICATION CODE
Authentication code dc
100 10 - MAIN ENTRY--PERSONAL NAME
Personal name Milza, Pierre
Relator term author
245 00 - TITLE STATEMENT
Title Les relations internationales de 1871 à 1914
260 ## - PUBLICATION, DISTRIBUTION, ETC.
Name of publisher, distributor, etc. Armand Colin,<br/>
Date of publication, distribution, etc. 2014.<br/>
520 ## - SUMMARY, ETC.
Summary, etc. L’année 1871 consacre la prépondérance de l’Allemagne bismarckienne en Europe et le début de l’apogée européen dans le monde. La Grande Guerre sera fatale à cette double hégémonie en provoquant la défaite militaire de l’Allemagne et le déclin économique du Vieux Continent face aux États-Unis. Pierre Milza renouvelle la vision des événements en soulignant l’action des forces profondes : derrière le jeu diplomatique, il montre le poids des intérêts économiques et les grands courants de l’opinion.
856 41 - ELECTRONIC LOCATION AND ACCESS
Uniform Resource Identifier <a href="https://shs.cairn.info/les-relations-internationales-de-1871-a-1914--9782200289881?lang=fr&redirect-ssocas=7080">https://shs.cairn.info/les-relations-internationales-de-1871-a-1914--9782200289881?lang=fr&redirect-ssocas=7080</a>

Pas d'exemplaire disponible.

PLUDOC

PLUDOC est la plateforme unique et centralisée de gestion des bibliothèques physiques et numériques de Guinée administré par le CEDUST. Elle est la plus grande base de données de ressources documentaires pour les Étudiants, Enseignants chercheurs et Chercheurs de Guinée.

Adresse

627 919 101/664 919 101

25 boulevard du commerce
Kaloum, Conakry, Guinée

Réseaux sociaux

Powered by Netsen Group @ 2025